00541nam a22001697a 450000500170000001000170001702000260003403500170006003700170007708200060009410000180010024501160011826000330023427000580026730000210032570000250034620100809122135.0 aB-407842-855 a9780007335657c475.00 aB-407842-855 bAakar Books  aN aKling, Tammy  aThe compass:cby Tammy Kling [and] John Spencer Ellis btransform from where you are, to where you want to be / aLondon bHarperElementc2009 a77-85 Fulham Place Road, Hammersmoth bLondone110002 a256p.c18cm(Hb)  aEllis, John Spencer